000 01229cam a2200289 i 4500
003 SA-RiAUC
005 20251102132953.0
008 251031s1962 su f l f000r0 ara c
040 _aSA-RiAUC
_bara
_cSA-RiAUC
_erda
043 _aa-su---
082 0 4 _a363.5312
090 _a363.5312
_bس ع و
110 1 _aالسعودية.
_bمديرية مصلحة خفر السواحل.
_eمؤلف.
245 1 0 _aنظام مديرية مصلحة خفر السواحل وتوابعها.
250 _aالطبعة الثالثة.
264 1 _a[مكان النشر غير محدد] :
_b[الناشر غير محدد]،
_c[1962]
264 3 _aمكة المكرمة :
_bمطبعة الحكومة.
300 _a16 صفحة ؛
_c23 سم.
336 _aنص
_btxt
_2rdacontent
_3كتاب
337 _aبدون وسيط
_bn
_2rdamedia
338 _aمجلد
_bnc
_2rdacarrier
440 0 _aسلسلة النظم السعودية
500 _aصدر الأمر السامي بالموافقة على هذا النظام بتاريخ 29 / 1 / 1453 هـ ورقم 318 / 218.
610 1 7 _aالسعودية.
_bمديرية مصلحة خفر السواحل.
_2aucnm
942 _2ddc
_cBOOK
_n0
949 _aSA-JeALM
_d251031
_umohamedma123
_n1
999 _c12935
_d12935